| 000 | 00747nam a2200229 4500 | ||
|---|---|---|---|
| 003 | OSt | ||
| 005 | 20240716053228.0 | ||
| 006 | a | ||
| 008 | 240716b |||||||| |||| 00| 0 eng d | ||
| 020 | _a9780781784702 | ||
| 040 |
_aDWCL-Main lib. _cOC |
||
| 082 |
_2Eleventh edition _aCirc. 610.73 B897 2008 |
||
| 110 | _aSuzanne C. Smeltzer | ||
| 245 | _aBrunner & Suddarths textbook of medical-surgical nursing v. I / | ||
| 250 | _aEleventh edition | ||
| 260 |
_aPhiladelphia: _bLippincott Williams & Wilkins, _cc2008. |
||
| 300 |
_axxix, _b1281 p. : ill. ; _c26 cm. |
||
| 504 | _aIncludes bibliographical references and index. | ||
| 650 | _a1. Nursing. | ||
| 650 | _a2. Surgical nursing. | ||
| 942 |
_2ddc _n0 _cBK-CIRC _eEleventh edition _kCirc. |
||
| 999 |
_c2244 _d2244 |
||